| 000 | 00760nam a2200241Ia 4500 | ||
|---|---|---|---|
| 003 | GCL | ||
| 008 | 140319s9999 xx 000 0 ara d | ||
| 040 |
_aGCL / _cGCL |
||
| 082 | 0 | 4 |
_a113.2 _bع ش |
| 100 | 1 | _aعظيمون اسحق | |
| 245 | 1 | 0 |
_aالشموس المتفجرة:اسرار السوبر نوفا / _cعظيمون اسحق |
| 700 | 1 | _aالسيد محمد العطار | |
| 260 |
_a[S.N] : _bالهيئة المصرية العامة للكتاب ، _c1994 |
||
| 300 | _a223 ص | ||
| 490 |
_aالالف كتاب _v0 |
||
| 650 | 0 | 4 | _aالفلسفة |
| 650 | 0 | 4 | _aالفلك الوصفى |
| 650 | 0 | 4 | _aالكون |
| 650 | 0 | 4 | _aالشمس |
| 650 | 0 | 4 | _aالكونيات |
| 650 | 0 | 4 | _aما وراء الطبيعة, علم |
| 942 |
_2ddc _cBK |
||
| 999 |
_c33570 _d33570 |
||